|
|
|
|
| LEADER |
03941nam a2200829 4500 |
| 001 |
ocn883891948 |
| 003 |
OCoLC |
| 005 |
20170124071945.4 |
| 006 |
m o d |
| 007 |
cr |n||||||||| |
| 008 |
140718s2014 enk ob 001 0 eng d |
| 040 |
|
|
|a IDEBK
|b eng
|e pn
|c IDEBK
|d EBLCP
|d DG1
|d YDXCP
|d N$T
|d E7B
|d OCLCQ
|d RRP
|d CDX
|d OCLCF
|d TEFOD
|d UMI
|d OCLCO
|d DEBSZ
|d OCLCO
|d OCLCQ
|d OCLCO
|d TEFOD
|d COO
|d OCLCO
|d OCLCQ
|d OCLCO
|d NKT
|d DEBBG
|d GrThAP
|
| 019 |
|
|
|a 889014272
|a 908649780
|a 961569661
|a 962663745
|
| 020 |
|
|
|a 9781118984352
|q (electronic bk.)
|
| 020 |
|
|
|a 1118984358
|q (electronic bk.)
|
| 020 |
|
|
|a 1306958377
|q (electronic bk.)
|
| 020 |
|
|
|a 9781306958370
|q (electronic bk.)
|
| 020 |
|
|
|a 9781118984345
|q (electronic bk.)
|
| 020 |
|
|
|a 111898434X
|q (electronic bk.)
|
| 020 |
|
|
|a 9781118984338
|q (electronic bk.)
|
| 020 |
|
|
|a 1118984331
|q (electronic bk.)
|
| 020 |
|
|
|z 9781848216723
|
| 020 |
|
|
|z 1848216726
|
| 029 |
1 |
|
|a CHBIS
|b 010442124
|
| 029 |
1 |
|
|a CHNEW
|b 000693648
|
| 029 |
1 |
|
|a CHNEW
|b 000693652
|
| 029 |
1 |
|
|a CHVBK
|b 334087392
|
| 029 |
1 |
|
|a DEBBG
|b BV042744752
|
| 029 |
1 |
|
|a DEBSZ
|b 431723745
|
| 029 |
1 |
|
|a NZ1
|b 15753499
|
| 029 |
1 |
|
|a DEBSZ
|b 475027086
|
| 029 |
1 |
|
|a DEBBG
|b BV043396972
|
| 035 |
|
|
|a (OCoLC)883891948
|z (OCoLC)889014272
|z (OCoLC)908649780
|z (OCoLC)961569661
|z (OCoLC)962663745
|
| 037 |
|
|
|a 627088
|b MIL
|
| 037 |
|
|
|a C24F5D93-4F6B-4831-A70A-50DE93C135C8
|b OverDrive, Inc.
|n http://www.overdrive.com
|
| 050 |
|
4 |
|a TA174
|
| 072 |
|
7 |
|a BUS
|x 082000
|2 bisacsh
|
| 072 |
|
7 |
|a BUS
|x 041000
|2 bisacsh
|
| 072 |
|
7 |
|a BUS
|x 042000
|2 bisacsh
|
| 072 |
|
7 |
|a BUS
|x 085000
|2 bisacsh
|
| 082 |
0 |
4 |
|a 620.1
|a 620.1/1
|a 620.11
|
| 049 |
|
|
|a MAIN
|
| 245 |
0 |
0 |
|a Quality of Experience Engineering for Customer Added Value Services :
|b From Evaluation to Monitoring /
|c edited by Abdelhamid Mellouk, Antonio Cuadra-Sanchez.
|
| 264 |
|
1 |
|a London :
|b ISTE, Ltd. ;
|c [2014]
|
| 264 |
|
1 |
|a Hobokoen, NJ :
|b John Wiley & Sons,
|c [2014]
|
| 264 |
|
4 |
|c ©2014
|
| 300 |
|
|
|a 1 online resource.
|
| 336 |
|
|
|a text
|b txt
|2 rdacontent
|
| 337 |
|
|
|a computer
|b c
|2 rdamedia
|
| 338 |
|
|
|a online resource
|b cr
|2 rdacarrier
|
| 490 |
1 |
|
|a Networks and telecommunications series
|
| 504 |
|
|
|a Includes bibliographical references and index.
|
| 588 |
0 |
|
|a Print version record.
|
| 505 |
0 |
|
|a 1. Ch. Evaluating quality of experience in IPTV services -- 2. Ch. Ecosystem for Customer Experience Management -- 3. Ch. Estimating the Effect of Context on QoE of Audiovisual Services -- 4. Ch. Location issues of content demand 5. Ch. Multiservice Monitoring Approach -- 6. Ch. High speed multimedia flow classification.
|
| 505 |
0 |
|
|a 7. Ch. QoE for CDN Architecture -- 8. Ch. QoE approaches for Adaptive transport of Video Streaming media -- 9. Ch. QoE/QoS approaches for Multimedia flows -- 10. Ch. Model for QoE estimation based on QoS parameters monitoring for multimedia convergent services (3- Play) -- 11. Ch. Quality of Experience Estimators in Networks.
|
| 650 |
|
0 |
|a Quality of service (Computer networks)
|
| 650 |
|
0 |
|a Telecommunication systems
|x Management.
|
| 650 |
|
0 |
|a Network performance (Telecommunication)
|
| 650 |
|
7 |
|a BUSINESS & ECONOMICS
|x Industrial Management.
|2 bisacsh
|
| 650 |
|
7 |
|a BUSINESS & ECONOMICS
|x Management.
|2 bisacsh
|
| 650 |
|
7 |
|a BUSINESS & ECONOMICS
|x Management Science.
|2 bisacsh
|
| 650 |
|
7 |
|a BUSINESS & ECONOMICS
|x Organizational Behavior.
|2 bisacsh
|
| 650 |
|
7 |
|a Network performance (Telecommunication)
|2 fast
|0 (OCoLC)fst01036230
|
| 650 |
|
7 |
|a Quality of service (Computer networks)
|2 fast
|0 (OCoLC)fst01895136
|
| 650 |
|
7 |
|a Telecommunication systems
|x Management.
|2 fast
|0 (OCoLC)fst01146062
|
| 655 |
|
4 |
|a Electronic books.
|
| 700 |
1 |
|
|a Mellouk, Abdelhamid.
|
| 700 |
1 |
|
|a Cuadra-Sanchez, Antonio.
|
| 776 |
0 |
8 |
|i Print version:
|z 9781306958370
|
| 830 |
|
0 |
|a Networks and telecommunications series.
|
| 856 |
4 |
0 |
|u https://doi.org/10.1002/9781118984352
|z Full Text via HEAL-Link
|
| 994 |
|
|
|a 92
|b DG1
|